| 000 | 01635cam a2200217 4500 | ||
|---|---|---|---|
| 001 | ##L131158 | ||
| 008 | 051004n2005 000 0 eng u | ||
| 035 | _a(Sirsi) u131158 | ||
| 041 | 0 | _aeng | |
| 050 | 0 | 4 | _a711.1 $2 18 |
| 110 | 1 |
_aUnited Kingdom _bOffice of the Deputy Prime Minister |
|
| 245 | 0 | 0 | _aApplying the Planning Acts to the Crown |
| 260 |
_aLondon _bODPM _c2005 |
||
| 520 | _aThis consultation paper concerns the secondary legislation needed to give effect in England to the Crown provisions in the Planning and Compulsory Purchase Act 2004. It invites comments on the three draft statutory instruments and the draft circular that are needed to give effect in England to the provisions in Part VII of the Planning and Compulsory Purchase Act 2004. By applying the Planning Acts to the Crown, the provisions of Part VII of the Act provide the basis for removing the Crown's immunity. but detailed secondary legislation and associated guidance is needed to make them work effectively. It identifies where different provisions will be needed in Wales. Responses to the consultation are required by the 16 December 2005. | ||
| 590 | _aIKA111005 | ||
| 650 | 2 | 4 | _aPLANNING AND COMPULSORY PURCHASE ACT 2004 PART VII |
| 690 | _aENVIRONMENTAL AND LAND CONSULTANCY-PLANNING AND DEVELOPMENT-PLANNING REFORM | ||
| 856 | 4 | 0 |
_uhttps://www.communities.gov.uk/documents/planningandbuilding/pdf/137668.pdf _zView the consultation free of charge at www.communities.gov.uk |
| 856 | 4 | 1 |
_uhttps://www.communities.gov.uk/documents/planningandbuilding/pdf/147537.pdf _zView the item free of charge at www.communities.gov.uk |
| 942 | _n0 | ||
| 999 |
_c104653 _d104653 |
||